Statistics for World Capitals Quiz alphabetically before neighbouring ones

Click here to take the quiz!

General Stats

  • This quiz has been taken 58 times
  • The average score is 24 of 35

Answers on the Map

Answers color-coded by a green-red scale on the quiz's map according to % correct below.
Loading ...
 

Answer Stats

#Capital% Correct
1Ottawa
97%
1Dublin
95%
5Bogotá
92%
6Addis Ababa
89%
6Algiers
87%
3Amsterdam
87%
8Ankara
87%
2Belmopan
84%
2Abu Dhabi
82%
3Helsinki
82%
2Andorra la Vella
76%
4Ashgabat
76%
3Asunción
76%
4Abuja
74%
3Accra
71%
1Banjul
71%
3Cairo
71%
1Lisbon
71%
6Bangui
68%
2Managua
66%
4Bangkok
63%
1Port-au-Prince
63%
1Bandar Seri Begawan
61%
8Belgrade
61%
4Amman
58%
5Bratislava
58%
1Dili
53%
4Gaborone
53%
1Maseru
53%
3Bujumbura
50%
2Bissau
47%
2Dhaka
47%
1Doha
42%
2Beirut
34%
1Monaco
21%

Score Distribution

Percentile by Number Answered

Percent of People with Each Score

Your Score History

You have not taken this quiz